[Event "MK Cafe Cup-A"]
[Site "Koszalin"]
[Date "1998.08.09"]
[Round "7"]
[White "Haba, Petr"]
[Black "Nisipeanu, Liviu Dieter"]
[Result "1/2-1/2"]
[WhiteElo "2515"]
[BlackElo "2575"]

1.d4 Nf6 2.c4 e6 3.g3 Bb4+ 4.Nd2 O-O 5.Bg2 c5 6.a3 Bxd2+ 7.Qxd2 cxd4 8.Nf3 d5
9.cxd5 exd5 10.Qxd4 Nc6 11.Qd3 Re8 12.O-O Bg4 13.Re1 Qd7 14.Ng5 Ne5  1/2-1/2

[Event "MK Cafe Cup-A"]
[Site "Koszalin"]
[Date "1998.08.10"]
[Round "8"]
[White "Nisipeanu, Liviu Dieter"]
[Black "Prokopchuk, Evgeny"]
[Result "1-0"]
[WhiteElo "2575"]
[BlackElo "2495"]

1.e4 d5 2.exd5 Nf6 3.c4 c6 4.d4 cxd5 5.Nc3 e6 6.Nf3 Bb4 7.Bd3 dxc4 8.Bxc4 O-O
9.O-O a6 10.Bg5 b5 11.Bd3 Bb7 12.Ne5 Be7 13.Bxf6 Bxf6 14.Be4 Bxe5 15.dxe5 Nc6
16.Qh5 g6 17.Qh6 b4 18.Ne2 Qa5 19.f4 Ne7 20.Ng3 Nf5 21.Nxf5 exf5 22.Bxf5 Rfd8
23.Bh3 Rd2 24.f5 Qd5 25.Qg5 Rc8 26.fxg6 hxg6 27.Kh1 Rcc2 28.Rg1 Qd3 29.Qh4 Re2
30.Rad1 Rxg2 31.Qd8+ Kh7 32.Bxg2 Bxg2+ 33.Rxg2 Qf3 34.Qh4+ Kg7 35.Qf6+ Kh7
36.Qxf3  1-0

[Event "Elista ol (Men)"]
[Site "Elista"]
[Date "1998.10.04"]
[Round "6"]
[White "Nisipeanu, Liviu Dieter"]
[Black "Salmensuu, Olli"]
[Result "1-0"]
[WhiteElo "2575"]
[BlackElo "2420"]

1.e4 c5 2.Nf3 d6 3.d4 cxd4 4.Nxd4 Nf6 5.Nc3 g6 6.Be3 Bg7 7.f3 O-O 8.Qd2 Nc6
9.O-O-O d5 10.exd5 Nxd5 11.Nxc6 bxc6 12.Bd4 e5 13.Bc5 Be6 14.Ne4 Qc7 15.Bd6 Qb6
16.c4 Rab8 17.c5 Qb7 18.Bxf8 Bxf8 19.Nd6 Qe7 20.Bc4 Bg7 21.Rhe1 Qf8 22.g4 e4
23.fxe4 Bxb2+ 24.Kc2 Bc3 25.exd5 Bxd2 26.dxe6 fxe6 27.Rxe6 Kh8 28.Rxd2 Qf4
29.g5 h6 30.Rde2 hxg5 31.Rxg6 Rf8 32.Rh6+ Kg7 33.Rhe6 g4 34.R6e4 Qf3 35.Re7+ Kg6
36.Bd3+ Kh6 37.R2e6+ Rf6 38.Rh7+ Kg5 39.Ne4+  1-0

[Event "Elista ol (Men)"]
[Site "Elista"]
[Date "1998.10.06"]
[Round "8"]
[White "Nisipeanu, Liviu Dieter"]
[Black "Kosashvili, Yona"]
[Result "1-0"]
[WhiteElo "2575"]
[BlackElo "2580"]

1.e4 e5 2.Nf3 Nc6 3.Bb5 Nf6 4.O-O Nxe4 5.d4 Nd6 6.Bxc6 dxc6 7.dxe5 Nf5 8.Qxd8+ Kxd8
9.Nc3 Ke8 10.h3 a5 11.Re1 Ne7 12.Ne4 Ng6 13.Nd4 a4 14.Bd2 h6 15.Rad1 Bd7
16.c4 Rd8 17.Ba5 b6 18.Bc3 Nf4 19.Nf6+ gxf6 20.exf6+ Be6 21.Nxe6 Rxd1 22.Nxc7+ Kd7
23.Rxd1+ Kc8 24.Be5 Ng6 25.Bg3 a3 26.b3 Bb4 27.Na6 Bc3 28.Nb8 c5 29.Nc6 Bd4
30.Kf1 Kb7 31.Nxd4 Rd8 32.b4 cxd4 33.Rd3 Nf8 34.Be5 Ne6 35.f4 Re8 36.g3 b5
37.cxb5 Kb6 38.f5 Ng5 39.Bxd4+ Kxb5 40.Rxa3 Kxb4 41.Re3 Ne4 42.Kg2 h5 43.Bb2 Kc4
44.a4 Kb4 45.Ba3+ Kc4 46.Kf3 Ng5+ 47.Ke2 Ne4 48.Be7 Kd4 49.a5 Rg8 50.Rd3+ Ke5
51.a6 Nxg3+ 52.Kd1 Ne4 53.Ra3 Kxf5 54.a7 Ra8 55.Ke2 Nxf6 56.Rf3+ Ke6 57.Bxf6 Rxa7
58.Bg5 Ra2+ 59.Ke3 Rg2 60.Rf6+ Ke7 61.h4 Kf8 62.Rh6 Kg7 63.Rxh5 f6 64.Bf4 Kg6
65.Ra5 Rb2 66.h5+  1-0

[Event "Elista ol (Men)"]
[Site "Elista"]
[Date "1998.10.10"]
[Round "11"]
[White "Kempinski, Robert"]
[Black "Nisipeanu, Liviu Dieter"]
[Result "0-1"]
[WhiteElo "2545"]
[BlackElo "2575"]

1.d4 Nf6 2.c4 e6 3.Nf3 b6 4.g3 Ba6 5.b3 d5 6.Bg2 dxc4 7.Ne5 Bb4+ 8.Bd2 cxb3
9.Bxb4 b2 10.Nd2 bxa1=Q 11.Qxa1 Nd5 12.Ba3 f6 13.Nef3 Kf7 14.e4 Ne7 15.h4 c5
16.e5 Nbc6 17.Ne4 fxe5 18.Nfg5+ Kg8 19.Nxe6 Qd7 20.N4xc5 bxc5 21.Nxc5 Qc8
22.Nxa6 Qxa6 23.Bxe7 Kf7 24.Bc5 Rhe8 25.Bd5+ Kf6 26.Be4 exd4 27.Bxd4+ Kf7
28.f3 Qd3 29.Bc3 Qxf3  0-1

[Event "Elista ol (Men)"]
[Site "Elista"]
[Date "1998.10.12"]
[Round "13"]
[White "Nisipeanu, Liviu Dieter"]
[Black "Rausis, Igors"]
[Result "1/2-1/2"]
[WhiteElo "2575"]
[BlackElo "2535"]

1.e4 c6 2.d4 d5 3.e5 Bf5 4.Nf3 e6 5.Be2 c5 6.Be3 Ne7 7.c4 Nbc6 8.dxc5 dxc4
9.Nc3 Nd5 10.Nxd5 Qxd5 11.O-O Bd3 12.b3 Bxe2 13.Qxe2 Qd3 14.Qxd3 cxd3 15.Rfd1 O-O-O
16.Rac1 h6 17.Rc3 g5 18.h3 Bg7 19.Rcxd3 Rxd3 20.Rxd3 Rd8 21.Rxd8+ Kxd8 22.g4 Kd7
23.Kg2 Nb4 24.a4 Nc2 25.c6+ Kxc6 26.Bxa7 Kd5 27.Bb8 Bf8 28.Nd2 Nd4 29.Ba7 Nc6
30.Be3 Nxe5 31.f4 gxf4 32.Bxf4 Nd3 33.Be3 f5 34.gxf5 exf5 35.Kf3 h5 36.Nc4 Bb4  1/2-1/2

[Event "Bayern-ch Bank Hofmann 2nd"]
[Site "Bad Wiesse"]
[Date "1998.??.??"]
[Round "2"]
[White "Nisipeanu, Liviu Dieter"]
[Black "Poetsch, Klaus"]
[Result "1-0"]
[WhiteElo "2575"]
[BlackElo "2205"]

1.e4 c6 2.d4 d5 3.e5 Bf5 4.Nf3 e6 5.Be2 c5 6.Be3 Nd7 7.O-O Ne7 8.c4 dxc4
9.Na3 c3 10.Bg5 cxb2 11.Nb5 Nxe5 12.dxe5 bxa1=Q 13.Qxa1 Qb6 14.Nd6+ Kd7 15.Nh4 Nc6
16.Nhxf5 exf5 17.Rb1 Nb4 18.a3 Bxd6 19.axb4 Bc7 20.bxc5 Qxc5 21.e6+ Kc8 22.Bf3 Rb8
23.Rc1 Qd6 24.g3 Qxe6 25.Bf4 Qb6 26.Qe5 Kd8 27.Rxc7 Qe6 28.Bg5+  1-0

[Event "Bayern-ch Bank Hofmann 2nd"]
[Site "Bad Wiesse"]
[Date "1998.??.??"]
[Round "3"]
[White "Jonkman, Harmen"]
[Black "Nisipeanu, Liviu Dieter"]
[Result "1/2-1/2"]
[WhiteElo "2310"]
[BlackElo "2575"]

1.e4 c6 2.d4 d5 3.Nd2 dxe4 4.Nxe4 Bf5 5.Ng3 Bg6 6.h4 h6 7.Nf3 Nf6 8.h5 Bh7
9.Bd3 Bxd3 10.Qxd3 e6 11.Bd2 c5 12.Ne4 Nbd7 13.O-O-O cxd4 14.Qxd4 Qc7 15.Nxf6+ Nxf6
16.Ne5 a6 17.Bf4 Qc5 18.Qd3 Qd5 19.Qg3 Qxa2 20.c4 Rc8 21.Qf3 Bc5 22.Rh3 O-O
23.Bxh6 Rfd8 24.Rxd8+ Rxd8 25.Rg3 Qa1+ 26.Kc2 Qa4+ 27.Kc1 Qa1+  1/2-1/2

[Event "Bayern-ch Bank Hofmann 2nd"]
[Site "Bad Wiesse"]
[Date "1998.??.??"]
[Round "4"]
[White "Nisipeanu, Liviu Dieter"]
[Black "Deglmann, Ludwig"]
[Result "1-0"]
[WhiteElo "2575"]
[BlackElo "2280"]

1.e4 d6 2.d4 Nf6 3.f3 Nbd7 4.c4 e5 5.Ne2 c6 6.Nbc3 Be7 7.Be3 O-O 8.d5 cxd5
9.cxd5 a6 10.Qd2 b5 11.b4 Ne8 12.Nc1 g6 13.Nb3 f5 14.Na5 Ndf6 15.Nc6 Qd7
16.exf5 gxf5 17.a4 bxa4 18.Nxa4 Bd8 19.Bb6 Bc7 20.Bc4 Kh8 21.O-O Bb7 22.Na5 Rb8
23.Ba7 Ra8 24.Bf2 Bxa5 25.bxa5 Qf7 26.Nb6 Rb8 27.Qd3 f4 28.Bxa6 Bxa6 29.Qxa6 Nxd5
30.Qc4 Nxb6 31.Qxf7 Rxf7 32.Bxb6 Kg7 33.Rfc1 Kf6 34.Bf2 Nc7 35.a6 Ra8 36.a7 Nb5
37.Ra6 Ke6 38.Rd1 Rd7 39.Ra5 Nc3 40.Rd3 Rc7 41.Kf1 d5 42.Ra6+ Kf7 43.Rh6 Kg7
44.Re6 e4 45.Rxc3 Rxc3 46.Bd4+ Kf7 47.Rf6+ Ke7 48.Bxc3 Rxa7 49.Rxf4  1-0

[Event "Bayern-ch Bank Hofmann 2nd"]
[Site "Bad Wiesse"]
[Date "1998.??.??"]
[Round "6"]
[White "Nisipeanu, Liviu Dieter"]
[Black "Kostic, Vladimir"]
[Result "1-0"]
[WhiteElo "2575"]
[BlackElo "2410"]

1.e4 e5 2.Nf3 Nc6 3.Bb5 Nd4 4.Nxd4 exd4 5.Bc4 Qf6 6.O-O Bc5 7.d3 Ne7 8.Nd2 O-O
9.Bb3 d6 10.f4 a5 11.a4 Be6 12.f5 Bxb3 13.Nxb3 Bb6 14.Qh5 h6 15.g4 Nc6 16.g5 hxg5
17.Bxg5 g6 18.Qh4 Qh8 19.Qxh8+ Kxh8 20.Bf6+ Kh7 21.Rf3 gxf5 22.exf5 Rg8+
23.Kh1 Rg7 24.Rh3+  1-0

[Event "Bayern-ch Bank Hofmann 2nd"]
[Site "Bad Wiesse"]
[Date "1998.??.??"]
[Round "8"]
[White "Nisipeanu, Liviu Dieter"]
[Black "Lisko, Frantisek"]
[Result "1-0"]
[WhiteElo "2575"]
[BlackElo "2320"]

1.e4 c5 2.Nf3 Nc6 3.d4 cxd4 4.Nxd4 Nf6 5.Nc3 e5 6.Ndb5 d6 7.Bg5 a6 8.Na3 b5
9.Nd5 Be7 10.Bxf6 Bxf6 11.c3 Ne7 12.Nxf6+ gxf6 13.Qd2 f5 14.O-O-O fxe4 15.Nxb5 d5
16.Qg5 Rg8 17.Qxe5 axb5 18.Bxb5+ Kf8 19.Bc4 Be6 20.Bb3 Nc6 21.Qh5 Qg5+ 22.Qxg5 Rxg5
23.g3 Na5 24.Bc2 Bg4 25.Rd4 Nc6 26.Ra4 Rxa4 27.Bxa4 Ne5 28.Bc2 Bf3 29.Re1 Ng4
30.a4 Nxf2 31.b4 Ke7 32.a5 d4 33.cxd4 Rb5 34.Kd2 Rxb4 35.a6 Rb2 36.Ra1 Ng4
37.a7 e3+ 38.Kc3 Rb6 39.Bd1 Rc6+ 40.Kb4 Rb6+ 41.Ka5 Bxd1 42.a8=Q e2 43.Kxb6 e1=Q
44.Ra7+ Kf6 45.Qh8+ Kg6 46.Qg8+ Kh6 47.Qf8+  1-0

[Event "Primavara"]
[Site "Bucharest"]
[Date "1998.??.??"]
[Round "1"]
[White "Ionescu, Cristian"]
[Black "Nisipeanu, Liviu Dieter"]
[Result "1/2-1/2"]
[WhiteElo "2495"]
[BlackElo "2610"]

1.d4 Nf6 2.c4 e6 3.Nf3 d5 4.Nc3 c6 5.cxd5 exd5 6.Bg5 Be7 7.e3 O-O 8.Bd3 Nbd7
9.Qc2 Re8 10.O-O Nf8 11.Rfc1 Ne4 12.Bxe7 Qxe7  1/2-1/2

[Event "Ciocaltea mem"]
[Site "Bucharest"]
[Date "1998.??.??"]
[Round "2"]
[White "Vajda, Levente"]
[Black "Nisipeanu, Liviu Dieter"]
[Result "1-0"]
[WhiteElo "2440"]
[BlackElo "2610"]

1.e4 c5 2.Nf3 d6 3.c3 Nf6 4.d3 g6 5.g3 Bg7 6.Bg2 O-O 7.O-O Nc6 8.a4 Rb8 9.h3 a6
10.Be3 b5 11.axb5 axb5 12.Nbd2 b4 13.Re1 Bb7 14.Nc4 bxc3 15.bxc3 d5 16.Ncd2 dxe4
17.dxe4 Nd7 18.Qc2 Nde5 19.Nxe5 Nxe5 20.f4 Qd3 21.Qc1 Nc6 22.Ra3 e5 23.Bf1 Qd7
24.Bxc5 exf4 25.gxf4 Rfc8 26.Nc4 Qe6 27.Qe3 Ne7 28.Nd6  1-0

[Event "Primavara"]
[Site "Bucharest"]
[Date "1998.??.??"]
[Round "3"]
[White "Cioara, Andrei Nestor"]
[Black "Nisipeanu, Liviu Dieter"]
[Result "1/2-1/2"]
[WhiteElo "2390"]
[BlackElo "2610"]

1.e4 c6 2.d4 d5 3.Nd2 dxe4 4.Nxe4 Nd7 5.Nf3 Ngf6 6.Nxf6+ Nxf6 7.Bc4 Bf5 8.O-O e6
9.c3 Bd6 10.Bg5 Qc7 11.Bh4 Bg4 12.Bg3 O-O-O 13.Qe2 c5 14.dxc5 Qxc5 15.Bxd6 Rxd6
16.Qe5 Qxe5 17.Nxe5 Bh5 18.f3 Nd7 19.Nxd7 Rxd7 20.Rad1 Rhd8 21.Bb3 Rd2 22.Rxd2 Rxd2
23.Rf2 Rd6 24.Re2 Kd7 25.Kf2 Bg6 26.Re1 f5 27.Rd1 Rxd1 28.Bxd1 f4 29.Ke2 e5
30.Kd2 Kd6 31.Bc2 Bxc2 32.Kxc2 e4 33.fxe4 Ke5 34.Kd3 g5 35.h3 h5 36.c4 a5
37.b3 g4 38.hxg4 hxg4 39.a3  1/2-1/2

[Event "Primavara"]
[Site "Bucharest"]
[Date "1998.??.??"]
[Round "5"]
[White "Itkis, Boris"]
[Black "Nisipeanu, Liviu Dieter"]
[Result "1/2-1/2"]
[WhiteElo "2460"]
[BlackElo "2610"]

1.Nf3 Nf6 2.c4 b6 3.d4 e6 4.g3 Bb7 5.Bg2 Be7 6.O-O O-O 7.b3 c5 8.Nc3 cxd4
9.Qxd4 d6 10.Bb2 a6 11.e4 Nbd7 12.Qe3 Qc7 13.Nd4 Rfe8 14.Rac1 Bf8 15.Rfe1 Rac8
16.Qe2 g6 17.Rcd1 Qb8 18.Rd2 Bh6 19.Rdd1 Bg7 20.Qf1 Nc5 21.Ba1 Qa8 22.f3 Ncd7
23.Qe2 Qb8 24.Kh1 h5 25.Qf2 Ba8 26.Bb2 Ne5 27.Nde2 b5 28.cxb5 axb5 29.Qd4 h4
30.gxh4 d5 31.exd5 b4 32.Ne4 Nh5 33.Qd2 Bxd5  1/2-1/2

[Event "Primavara"]
[Site "Bucharest"]
[Date "1998.??.??"]
[Round "6"]
[White "Nisipeanu, Liviu Dieter"]
[Black "Svetushkin, Dmitry"]
[Result "1/2-1/2"]
[WhiteElo "2610"]
[BlackElo "2415"]

1.e4 c6 2.d4 d5 3.e5 c5 4.dxc5 Nc6 5.Bb5 e6 6.Be3 Ne7 7.c3 Bd7 8.Bxc6 Nxc6
9.f4 g5 10.fxg5 Nxe5 11.Nf3 Nxf3+ 12.Qxf3 Bg7 13.O-O O-O 14.Nd2 Bb5 15.Rfd1 Bc6
16.Qh3 e5 17.Nf3 Qc8 18.Qxc8 Raxc8 19.Bf2 Rcd8 20.Bg3 Rfe8 21.Re1 d4 22.Bxe5 Bxf3
23.Bxg7 Kxg7 24.gxf3 dxc3 25.bxc3 Rxe1+ 26.Rxe1 Rd5 27.Re7 Rxc5 28.Rxb7 Rxc3
29.Kg2 Rc2+ 30.Kg3 Rxa2 31.h4 Ra6 32.h5 Ra5 33.h6+ Kg6 34.f4 f6 35.Rg7+ Kh5
36.gxf6 Kxh6 37.Kg4 Rb5 38.Rg8 Rb7 39.Kf5 Rb5+ 40.Ke4 Rb4+ 41.Kd5 Rb5+ 42.Ke6 Rb6+
43.Kf5 Rb5+ 44.Kg4 Rb7 45.Rf8 Rb5  1/2-1/2

[Event "Primavara"]
[Site "Bucharest"]
[Date "1998.??.??"]
[Round "7"]
[White "Berezin, Oleg"]
[Black "Nisipeanu, Liviu Dieter"]
[Result "1/2-1/2"]
[WhiteElo "2455"]
[BlackElo "2610"]

1.d4 Nf6 2.c4 c5 3.d5 b5 4.Nd2 bxc4 5.e4 Qa5 6.Qc2 Na6 7.Bxc4 Nb4 8.Qc3 Ba6
9.Ngf3 Bxc4 10.Qxc4 Qa6 11.Qxa6 Nxa6 12.a3 g6 13.O-O Bg7 14.Re1 O-O 15.Nc4 d6
16.Bg5 Rab8 17.Rad1 Nc7 18.Re2 Rfe8 19.h3 Nd7 20.Bc1 Rb5 21.e5 Nxe5 22.Nfxe5 dxe5
23.Nxe5 c4 24.Nxc4 Rxd5 25.Rxd5 Nxd5 26.Rc2 Rc8 27.Ne3 Rxc2 28.Nxc2 f5 29.Kf1 e5
30.Ke2 e4 31.f3 Kf7 32.fxe4 fxe4 33.Be3 a6 34.Bd4 Bf8 35.b3 Ke6 36.Kf2 Bh6
37.Ne3 Nxe3 38.Bxe3 Bf8 39.a4 Kd5 40.Ke2 Bb4  1/2-1/2

[Event "Ciocaltea mem"]
[Site "Bucharest"]
[Date "1998.??.??"]
[Round "8"]
[White "Nisipeanu, Liviu Dieter"]
[Black "Ionescu, Constantin"]
[Result "1/2-1/2"]
[WhiteElo "2610"]
[BlackElo "2495"]

1.e4 e6 2.d4 d5 3.Nd2 dxe4 4.Nxe4 Bd7 5.Nf3 Bc6 6.Bd3 Nd7 7.O-O Be7 8.Ne5 Nxe5
9.dxe5 Qd4 10.Qg4 Qxe5 11.Bf4 Qxb2 12.Qg3 Bxe4 13.Be5 Qa3 14.Qxg7 Bxd3 15.cxd3 Qxd3
16.Qxh8 O-O-O 17.Rac1 c6 18.Rc3  1/2-1/2

[Event "Ciocaltea mem"]
[Site "Bucharest"]
[Date "1998.??.??"]
[Round "9"]
[White "Aronian, Levon"]
[Black "Nisipeanu, Liviu Dieter"]
[Result "0-1"]
[WhiteElo "2455"]
[BlackElo "2610"]

1.g3 c5 2.Bg2 Nc6 3.Nf3 e5 4.c4 g6 5.O-O Bg7 6.Nc3 d6 7.a3 Nge7 8.Rb1 Be6
9.d3 h6 10.b4 Rb8 11.Bd2 O-O 12.b5 Nd4 13.Ne1 Bg4 14.h3 Bd7 15.e3 Ne6 16.a4 h5
17.h4 Nf5 18.Nf3 Nh6 19.Ne4 f5 20.Neg5 Nf7 21.Nh3 Bf6 22.e4 f4 23.gxf4 exf4
24.Nxf4 Nxf4 25.Bxf4 Bg4 26.Qd2 Bxf3 27.Bxf3 Ne5 28.Be2 Bxh4 29.Bh6 Rf3 30.Bf4 Qd7
31.Bxe5 Qg4+ 32.Kh1 Bg5 33.Qd1 Rh3+ 34.Bh2 Rxh2+  0-1

[Event "Primavara"]
[Site "Bucharest"]
[Date "1998.??.??"]
[Round "9"]
[White "Tomescu, Vlad"]
[Black "Nisipeanu, Liviu Dieter"]
[Result "1/2-1/2"]
[WhiteElo "2415"]
[BlackElo "2610"]

1.e4 c5 2.Nf3 d6 3.d4 cxd4 4.Qxd4 Bd7 5.c4 Nc6 6.Qd2 Nf6 7.Nc3 g6 8.b3 Bg7
9.Bb2 Bg4 10.Be2 O-O 11.O-O Qa5 12.Rfd1 Qh5 13.h3 Bxf3 14.Bxf3 Qh4 15.Qe3 Ne5
16.Rab1 Bh6 17.Qe2 Qf4 18.Nd5 Nxf3+ 19.Qxf3 Nxd5 20.Rxd5 Qxf3 21.gxf3 Bf4
22.Bc1 Bxc1 23.Rxc1 b6 24.Rcd1 Rac8 25.f4 Rc5 26.e5 Rd8 27.exd6 Rxd5 28.Rxd5 exd6
29.f5 Kf8 30.fxg6 hxg6 31.h4 Ke7 32.h5  1/2-1/2

[Event "Ciocaltea mem"]
[Site "Bucharest"]
[Date "1998.??.??"]
[Round "10"]
[White "Nisipeanu, Liviu Dieter"]
[Black "Rogozenko, Dorin"]
[Result "1/2-1/2"]
[WhiteElo "2610"]
[BlackElo "2495"]

1.e4 e6 2.d4 d5 3.Nd2 dxe4 4.Nxe4 Nd7 5.Nf3 Ngf6 6.Nxf6+ Nxf6 7.Bg5 c5 8.Bb5+ Bd7
9.Bxd7+ Qxd7 10.Qe2 Be7 11.O-O-O O-O 12.Kb1 Qc7 13.d5 exd5 14.Rhe1 Bd8 15.Bxf6 Bxf6
16.Rxd5 c4 17.c3 Qc6 18.Red1 Rfe8 19.Qc2 Re6 20.Qf5 g6 21.Qf4 Rae8 22.Rd6 Qc5
23.Rxe6 Rxe6 24.Nd4 Bxd4 25.Rxd4 Re1+ 26.Kc2 Re2+  1/2-1/2

[Event "Primavara"]
[Site "Bucharest"]
[Date "1998.??.??"]
[Round "10"]
[White "Nisipeanu, Liviu Dieter"]
[Black "Iordachescu, Viorel"]
[Result "1/2-1/2"]
[WhiteElo "2610"]
[BlackElo "2520"]

1.e4 c6 2.d4 d5 3.Nd2 dxe4 4.Nxe4 Nd7 5.Nf3 Ngf6 6.Nxf6+ Nxf6 7.Ne5 Nd7 8.Nf3 Nf6
9.Ne5 Nd7 10.Nxd7 Bxd7 11.Bc4 Bf5 12.O-O e6 13.c3 Bd6 14.Qf3 Qc7 15.h3 O-O
16.Be3  1/2-1/2

[Event "Primavara"]
[Site "Bucharest"]
[Date "1998.??.??"]
[Round "11"]
[White "Sanduleac, Vasile"]
[Black "Nisipeanu, Liviu Dieter"]
[Result "0-1"]
[WhiteElo "2450"]
[BlackElo "2610"]

1.g3 c5 2.Bg2 Nc6 3.e4 g6 4.f4 Bg7 5.Nf3 d6 6.O-O Nf6 7.d3 O-O 8.h3 Rb8 9.a4 a6
10.c3 c4 11.Be3 e5 12.Na3 cxd3 13.Qxd3 d5 14.Nxe5 Nxe5 15.fxe5 Nxe4 16.g4 Bxe5
17.Rad1 Qc7 18.Bxe4 dxe4 19.Qxe4 Bh2+ 20.Kh1 b5 21.Bf4 Bxf4 22.Qxf4 Qxf4
23.Rxf4 bxa4 24.Rd2 Bb7+ 25.Kg1 Bc6 26.Rf6 Rfc8 27.Kf2 Kg7 28.Rfd6 Rc7 29.Nc4 Bb5
30.Na3 Rcb7 31.Nxb5 axb5 32.Ra6 Rc7 33.Rd3 Re8 34.Rb6 Re5 35.Kf3 h5 36.Rbd6 h4
37.R6d5 Kf6 38.Rxe5 Kxe5 39.Re3+ Kd5 40.Rd3+ Ke5 41.Re3+ Kd5 42.Rd3+ Kc6
43.Re3 Kb6 44.Kf4 f6 45.Kf3 Kc5 46.Ke2 Rb7 47.Rf3 b4 48.Kd2 b3 49.Kc1 Re7
50.Kd2 a3 51.bxa3 Re1  0-1

[Event "Primavara"]
[Site "Bucharest"]
[Date "1998.??.??"]
[Round "12"]
[White "Vasiesiu, Dan"]
[Black "Nisipeanu, Liviu Dieter"]
[Result "0-1"]
[WhiteElo "2420"]
[BlackElo "2610"]

1.e4 e5 2.Nf3 Nc6 3.Nc3 Nf6 4.g3 Bc5 5.Bg2 d6 6.d3 a6 7.Be3 Bxe3 8.fxe3 Ne7
9.Qd2 Ng6 10.O-O-O c6 11.h3 Qa5 12.Kb1 b5 13.Nd5 Qxd2 14.Nxf6+ Ke7 15.Rxd2 Kxf6
16.d4 Ke7 17.h4 h5 18.Bh3 Bxh3 19.Rxh3 Rad8 20.c3 Rhf8 21.Rg2 f5 22.exf5 Rxf5
23.Nd2 Nf8 24.g4 hxg4 25.Rxg4 Ne6 26.Kc2 Rh8 27.Rhg3 Rf2 28.Kc1 Rh5 29.dxe5 Rxe5
30.Re4 Rxe4 31.Nxe4 Rh2 32.Rg4 d5 33.Nd2 Kf6 34.e4 dxe4 35.Rxe4 Kf5 36.a4 Rxd2  0-1

[Event "Primavara"]
[Site "Bucharest"]
[Date "1998.??.??"]
[Round "13"]
[White "Nisipeanu, Liviu Dieter"]
[Black "Lupu, Mircea Sergiu"]
[Result "1/2-1/2"]
[WhiteElo "2610"]
[BlackElo "2505"]

1.e4 d6 2.d4 Nf6 3.Nc3 g6 4.Nf3 Bg7 5.Be2 O-O 6.O-O a6 7.a4 Nc6 8.a5 e5 9.dxe5 dxe5
10.Bg5 Qxd1 11.Rfxd1 h6 12.Be3 Re8  1/2-1/2

[Event "Primavara"]
[Site "Bucharest"]
[Date "1998.??.??"]
[Round "14"]
[White "Miroshnichenko, Evgenij"]
[Black "Nisipeanu, Liviu Dieter"]
[Result "1-0"]
[WhiteElo "2455"]
[BlackElo "2610"]

1.e4 c5 2.Nf3 e6 3.d3 b6 4.Nbd2 Bb7 5.g3 Nf6 6.Bg2 d5 7.O-O Qc7 8.exd5 Bxd5
9.Nc4 Be7 10.Bf4 Qd8 11.Nce5 O-O 12.c4 Bb7 13.d4 Nc6 14.Ng5 Rc8 15.Nexf7 Rxf7
16.Nxe6 Qd7 17.d5 Nd4 18.Be3 Nf5 19.g4 Nd6 20.b3 Nfe8 21.f4 g6 22.f5 gxf5
23.gxf5 Kh8 24.Qd3 Nf6 25.Bd2 Ng4 26.h3 Nf6 27.Bc3 Rg8 28.Rae1 Ne8 29.Kh1 Bd6
30.Qe3 Bb8 31.Qh6 Rxg2 32.Kxg2 Kg8 33.Qg5+ Kh8 34.Nf4 Rg7 35.Rxe8+ Nxe8 36.Re1  1-0

[Event "Cappelle op"]
[Site "Cappelle la Grande"]
[Date "1998.??.??"]
[Round "1"]
[White "Suetin, Alexey S"]
[Black "Nisipeanu, Liviu Dieter"]
[Result "1-0"]
[WhiteElo "2390"]
[BlackElo "2610"]

1.e4 c5 2.Nf3 d6 3.Nc3 Nf6 4.e5 dxe5 5.Nxe5 Qd6 6.Nc4 Qe6+ 7.Be2 Nc6 8.Nb5 Qd7
9.O-O a6 10.Nc3 Qc7 11.a4 Bf5 12.d3 Rd8 13.Be3 e5 14.Qe1 Nd4 15.Bxd4 cxd4
16.Nb1 Be6 17.Nba3 Bxa3 18.Nxa3 O-O 19.Bf3 Nd7 20.Qb4 b6 21.Rfe1 f5 22.b3 e4
23.dxe4 Ne5 24.Bd1 fxe4 25.Rxe4 Nc6 26.Qd2 Bd5 27.Re1 Rd6 28.c4 dxc3 29.Qxc3 Rh6
30.h3 Rg6 31.g3 Qf4  1-0

[Event "Cappelle op"]
[Site "Cappelle la Grande"]
[Date "1998.??.??"]
[Round "4"]
[White "Matlak, Marek"]
[Black "Nisipeanu, Liviu Dieter"]
[Result "1/2-1/2"]
[WhiteElo "2430"]
[BlackElo "2610"]

1.d4 Nf6 2.Nf3 e6 3.e3 b6 4.Bd3 Bb7 5.O-O c5 6.b3 Be7 7.Bb2 cxd4 8.exd4 O-O
9.Re1 Nc6 10.a3 Qc7 11.Nbd2 Rfe8 12.Rc1 Rac8 13.c4 Qf4 14.Qe2 d5 15.c5 bxc5
16.dxc5 a5 17.Ne5 Ne4 18.Nxc6 Bxc6 19.Nxe4 dxe4 20.Bxe4 Bxe4 21.Qxe4 Qxe4
22.Rxe4 Rxc5 23.Rxc5 Bxc5 24.b4 axb4 25.axb4 Bf8 26.Rc4  1/2-1/2

[Event "Cappelle op"]
[Site "Cappelle la Grande"]
[Date "1998.??.??"]
[Round "5"]
[White "Nisipeanu, Liviu Dieter"]
[Black "Komljenovic, Davor"]
[Result "1-0"]
[WhiteElo "2610"]
[BlackElo "2425"]

1.e4 g6 2.d4 Bg7 3.Nf3 d6 4.Be2 Nf6 5.Nc3 O-O 6.O-O Bg4 7.Ng5 Bxe2 8.Qxe2 Nc6
9.Rd1 e5 10.dxe5 Nxe5 11.f4 Nc6 12.e5 Nd7 13.Qg4 Ne7 14.Qh3 h6 15.Nge4 h5
16.Ng5 Bh6 17.Nce4 Nf5 18.e6 f6 19.Qb3 Kh8 20.Nf7+ Rxf7 21.exf7 Qe7 22.Qxb7 Nb6
23.Ng3 Nxg3 24.hxg3 Qxf7 25.Be3 Re8 26.Re1 Kg7 27.Bd4 Rxe1+ 28.Rxe1 c5 29.Re7  1-0

[Event "BL2-O9798"]
[Site "Germany"]
[Date "1998.??.??"]
[Round "6.3"]
[White "Nisipeanu, Liviu Dieter"]
[Black "Pribyl, Martin"]
[Result "1-0"]
[WhiteElo "2600"]
[BlackElo "2355"]

1.e4 c5 2.Nf3 Nc6 3.d4 cxd4 4.Nxd4 Nf6 5.Nc3 d6 6.Be2 e6 7.O-O Be7 8.Be3 O-O
9.f4 Qc7 10.Kh1 a6 11.a4 Bd7 12.Nb3 Na5 13.e5 Ne8 14.Nxa5 Qxa5 15.Qd2 Qc7
16.Bd4 Bc6 17.Qe3 Rc8 18.Bd3 g6 19.f5 exf5 20.Bxf5 Rd8 21.Bb6 Qb8 22.Bxd8 Qxd8
23.Be4 d5 24.Nxd5 Bxd5 25.Rad1 Nc7 26.Bxd5 Nxd5 27.Qb3  1-0

[Event "ROM-chT"]
[Site "Sovata"]
[Date "1998.??.??"]
[Round "1"]
[White "Suba, Mihai"]
[Black "Nisipeanu, Liviu Dieter"]
[Result "1/2-1/2"]
[WhiteElo "2535"]
[BlackElo "2610"]

1.c4 Nf6 2.Nc3 g6 3.Nf3 Bg7 4.g3 O-O 5.Bg2 d6 6.O-O Nc6 7.d3 e5 8.Rb1 a5
9.a3 h6 10.b4 axb4 11.axb4 Be6 12.b5 Ne7 13.Qb3 Qc8 14.Ba3 Re8 15.b6 c5 16.Nb5 Rd8
17.Nc7 Rb8 18.Bb2 Bh3 19.Ra1 Bxg2 20.Kxg2 Nh5 21.Nd2 f5 22.f3 Nf6 23.Nb1 h5
24.Nc3 f4 25.gxf4 exf4 26.Ne4 Qf5 27.Rg1 Nc6 28.Kh1 Nxe4 29.dxe4 Qf7 30.Rxg6 Qxg6
31.Rg1 Qxg1+ 32.Kxg1 Nd4 33.Bxd4 Bxd4+ 34.Kg2 Kf7 35.Kh3 Kf6 36.Qb1 Ke5 37.Qe1 h4
38.Nd5 Rg8 39.Ne7 Rg1 40.Qd2 Rh8 41.Nf5 Rg3+ 42.hxg3 hxg3+ 43.Nh4 Rxh4+ 44.Kxh4 g2
45.e3 g1=Q 46.exd4+ cxd4  1/2-1/2

[Event "ROM-chT"]
[Site "Sovata"]
[Date "1998.??.??"]
[Round "4"]
[White "Badea, Bela"]
[Black "Nisipeanu, Liviu Dieter"]
[Result "1/2-1/2"]
[WhiteElo "2545"]
[BlackElo "2610"]

1.Nf3 c5 2.c4 Nc6 3.d4 cxd4 4.Nxd4 Nf6 5.Nc3 e6 6.a3 d5 7.cxd5 exd5 8.Bg5 Be7
9.e3 O-O 10.Bb5 Bd7  1/2-1/2

[Event "ROM-chT"]
[Site "Sovata"]
[Date "1998.??.??"]
[Round "5"]
[White "Nisipeanu, Liviu Dieter"]
[Black "Horvath, Csaba"]
[Result "1/2-1/2"]
[WhiteElo "2610"]
[BlackElo "2535"]

1.e4 e5 2.Nf3 Nc6 3.Bb5 Nf6 4.O-O Nxe4 5.d4 Nd6 6.Bxc6 dxc6 7.dxe5 Nf5 8.Qxd8+ Kxd8
9.Nc3 Ke8 10.h3 Be6 11.g4 Ne7 12.Nd4 Bc4 13.Rd1 Ng6 14.b3 Ba6 15.Kg2 h5 16.Kg3 hxg4
17.hxg4 Rd8 18.f4 c5 19.Nf3 Rxd1 20.Nxd1 Be2 21.Nf2 Ne7 22.c4 Bxf3 23.Kxf3 Nc6
24.Bb2 Be7 25.Rd1 b6 26.g5 Nb4 27.a4 Nc6 28.Bc3 a5 29.Kg3 Nd8 30.Ng4 Ne6
31.Ne3 Bd8 32.Nf5 Rh5 33.Ne3 Rh7 34.Ng4 Rh5 35.Bb2 Rh7 36.Ba1 Rh5 37.Bc3 Rh7
38.Bb2 Rh5 39.Ba1 Rh7 40.Bc3 Rh5 41.Nf2 g6  1/2-1/2

[Event "ROM-chT"]
[Site "Timisu de Sus"]
[Date "1998.??.??"]
[Round "3"]
[White "Nisipeanu, Liviu Dieter"]
[Black "Stoica, Valentin"]
[Result "1/2-1/2"]
[WhiteElo "2575"]
[BlackElo "2465"]

1.e4 e5 2.Nf3 Nc6 3.Bb5 a6 4.Ba4 Nf6 5.O-O Nxe4 6.d4 b5 7.Bb3 d5 8.dxe5 Be6
9.Nbd2 Nc5 10.c3 Be7 11.Bc2 Bg4 12.Re1 Qd7 13.Nf1 Bh5 14.Ng3 Bg6 15.Nd4 Nxd4
16.cxd4 Bxc2 17.Qxc2 Ne6 18.Nf5 O-O 19.Be3 Rfd8 20.Rad1 Bf8 21.f4 Rac8 22.Qd3 c5
23.dxc5 Bxc5 24.Bxc5 Rxc5 25.g3 Qc7 26.Nd6 Rc2 27.Rd2 Qc5+ 28.Kh1 Rxd2 29.Qxd2 d4
30.f5 Nf8 31.Qg5 d3  1/2-1/2

[Event "Bundesliga 9899"]
[Site "Germany"]
[Date "1999.03.21"]
[Round "13.4"]
[White "Nisipeanu, Liviu Dieter"]
[Black "Vaganian, Rafael A"]
[Result "1-0"]
[WhiteElo "2594"]
[BlackElo "2605"]

1.e4 e6 2.d4 d5 3.Nd2 c5 4.exd5 exd5 5.Bb5+ Nc6 6.Ngf3 Bd6 7.dxc5 Bxc5 8.O-O Ne7
9.Nb3 Bd6 10.Bxc6+ bxc6 11.Qd4 O-O 12.Bf4 Nf5 13.Qa4 Be6 14.Rad1 c5 15.Bxd6 Qxd6
16.Ng5 c4 17.Nd2 Nd4 18.c3 Ne2+ 19.Kh1 Bf5 20.Nxc4 Qg6 21.Ne3 Qxg5 22.Rxd5 g6
23.g4 Qh4 24.Qc4 Rae8 25.gxf5 Nf4 26.fxg6 hxg6 27.Rd4 g5 28.Ng2 Qh3 29.Nxf4 Qf3+
30.Ng2 Re2 31.Rd3 Qf6 32.Rd6 Qf3 33.Rg6+ Kh7 34.Rxg5 Re4 35.Qd5 Rg8 36.Qf5+  1-0